Statistiques concernant Les reptiles et amphibiens les plus cochées

Cliquez ici pour prendre le quiz!

Statistiques générales

  • Ce quiz a été pris 5 fois
  • Le résultat moyen est 11 sur 50

Statistiques - réponses

Classement16Réponse% Correct
8Crapaud commun
100%
14Rainette Verte
75%
7Couleuvre helvétique
50%
10Grenouille verte
50%
2Salamandre tachetée
50%
24Triton crété
50%
20Vipère Aspic
50%
46Calotriton des pyrénées
25%
16Cistude d'Europe
25%
48Coronelle Girondine
25%
33Coronelle Lisse
25%
31Couleuvre d'Esculape
25%
13Couleuvre verte et Jaune
25%
25Couleuvre vipérine
25%
12Crapaud Calamite
25%
36Grenouille de Lessona
25%
15Grenouille Rieuse
25%
50Hémidactyle Verruqueux
25%
5Lézard à deux raies
25%
1Lezard des murailles
25%
49Lézard des ruines
25%
32Lézard des Souches
25%
29Lézard Ocellé
25%
4Orvet Fragile
25%
37Pélobate Cultripède
25%
23Pélodyte Ponctué
25%
18Rainette méridionale
25%
47Seps Strié
25%
21Tortue de Floride
25%
40Tortue d'Hermann
25%
11Triton Alpestre
25%
26Triton Marbré
25%
3Triton Palmé
25%
30Triton Ponctué
25%
34Vipère Péliade
25%
17Alyte Accoucheur
0%
42Couleuvre à échelons
0%
35Couleuvre de Montpellier
0%
28Crapaud épineux
0%
44Crapaud Vert
0%
45Discoglosse peint
0%
9Grenouille agile
0%
6Grenouille rousse
0%
41Lezard Catalan
0%
43Lézard Tyrrhénien
0%
19Lézard vivipare
0%
38Psammodrome Algire
0%
39Psammodrome d'Edwards
0%
27Sonneur à ventre jaune
0%
22Tarente de Maurétanie
0%

Distribution des résultats

Percentile par nombre de réponses

% des personnes avec chaque résultat

Votre développement - résultats

Vous n’avez pas pris ce quiz